Schnelle Mathematik - Multiplikation zur Basis 4 Level 05 - Statistiken

Allgemein
  • Dieses Quiz wurde 53 mal gespielt
  • Das Durchschnittsergebnis liegt bei 13 aus 20
Antwortstatistiken
Frage Antwort % Korrekt
0⋅0 0
100%
0⋅2 0
100%
10⋅0 0
100%
11⋅0 0
100%
1⋅1 1
100%
1⋅10 10
100%
10⋅11 110
100%
11⋅11 121
100%
10⋅2 20
100%
0⋅3 0
90%
0⋅1 0
89%
12⋅1 12
88%
10⋅12 120
88%
1⋅3 3
88%
2⋅0 0
86%
10⋅10 100
86%
1⋅12 12
86%
11⋅3 33
86%
0⋅11 0
83%
1⋅0 0
83%
13⋅0 0
83%
13⋅10 130
82%
2⋅1 2
82%
0⋅12 0
80%
3⋅0 0
80%
13⋅1 13
80%
3⋅1 3
80%
3⋅10 30
80%
3⋅11 33
80%
2⋅10 20
78%
11⋅2 22
78%
0⋅13 0
75%
1⋅2 2
75%
11⋅1 11
73%
1⋅13 13
73%
0⋅10 0
71%
10⋅1 10
67%
12⋅10 120
67%
10⋅13 130
67%
2⋅11 22
67%
1⋅11 11
60%
12⋅0 0
57%
10⋅3 30
50%
11⋅10 110
44%
3⋅12 102
43%
11⋅13 203
40%
11⋅12 132
38%
3⋅13 111
36%
2⋅2 10
33%
12⋅3 102
33%
2⋅3 12
33%
2⋅13 32
33%
13⋅12 222
29%
12⋅2 30
25%
13⋅13 301
25%
13⋅2 32
25%
3⋅2 12
18%
13⋅11 203
17%
12⋅13 222
17%
2⋅12 30
17%
12⋅11 132
14%
3⋅3 21
14%
13⋅3 111
0%
12⋅12 210
0%
Keine übereinstimmenden Quizze gefunden
Verteilung der Resultate
Anzahl Personen mit jedem Resultat
Perzentil nach korrekt beantworteten Fragen
Ihre Resultats-Entwicklung
Sie haben dieses Quiz noch nicht gespielt